000 01779cam a22004457a 4500
003 CHAP
005 20220329141113.0
008 971014s1996 r 00010 d
010 _a62626
011 _a63598
035 _a67774
040 _cCHAP
082 _a630.83 I56
_bI56 Son.
110 _aInstituto Nacional de Estadística, Geografía e Informática. México
_959304
245 0 _aIndicadores básicos censales
_b: Sonora
260 _aAguascalientes, Ags. :
_bINEGI,
_c1996
300 _a296 p.
_b; anexos
_e+ 1 anexo (20 diagramas de universos)
590 _aBATCH-UPD
_b10
_c20130110
_lUCH01
_h0746
590 _aBATCH-UPD
_b10
_c20130410
_lUCH01
_h0427
590 _aBATCH-UPD
_b10
_c20130913
_lUCH01
_h2250
590 _aCONVERSION
_b10
_c20130109
_lUCH01
_h1334
650 1 4 _aAgricultura
_xEstadisticas
_zSonora.
_91467
650 1 4 _aAgricultura
_xSonora.
_91824
650 1 4 _aBosques
_xEstadísticas
_xSonora.
_914161
650 1 4 _aCrédito agrícola
_xSonora.
_929080
650 1 4 _aCultivos
_xEstadísticas.
_930269
650 1 4 _aCultivos
_xSonora.
_930327
650 1 4 _aEjidos
_xSonora.
_936030
650 1 4 _aGanadería
_xEstadísticas
_zSonora.
_944726
650 1 4 _aGanadería
_xSonora.
_944851
650 1 4 _aMaquinaria agrícola
_xEstadísticas.
_971170
650 1 4 _aTierras
_xTenencia
_xSonora.
_9113199
790 _aCensos agropecuarios (7o), 1991
901 _aBK
942 _cLIBRO
949 _a630.83 I56 Son.
_bBC
_cESP
_d-153159
_eESP
_fanexo
_h92321
_i67774
_sb
_t60.00
949 _a630.83 I56 Son.
_bBC
_cESP
_d677742
_eESP
_fanexo c.2
_gDonaciØn
_h100492
_i67774
_sb
949 _a630.83 I56 Son.
_bBC
_cINEGI
_d33724000686705
_eINEGI
_gI. c/e
_h92321
_i67774
_si
_t60.00
949 _a630.83 I56 Son.
_bBC
_cINEGI
_d33724000899787
_eINEGI
_fc.2
_gDonaciØn
_h100492
_i67774
_sb
999 _c62626
_d62626